Mercados, intercambio regional y desarrollo de las desigualdades: Quiché 1973 /
Збережено в:
| Автор: | |
|---|---|
| Формат: | Текст |
| Теги: |
Додати тег
Немає тегів, Будьте першим, хто поставить тег для цього запису!
|
MARC
| LEADER | 00000 a a2200000 04500 | ||
|---|---|---|---|
| 001 | 7797 | ||
| 003 | |||
| 040 | |||
| 100 | |a Demyk, Noelle | ||
| 245 | |a Mercados, intercambio regional y desarrollo de las desigualdades: |b Quiché 1973 / |c Noelle Demyk | ||
| 773 | |g número 13; páginas 9-43 | ||
| 999 | |c 37169 |d 37169 | ||
